000 00777nam a22002537a 4500
999 _c14671
_d14671
003 AR-CdUCM
008 190424b ||||| |||| 00| 0 spa d
020 _a978-607-16-1657-9
040 _aMUNICIPALIDAD PROVINCIAL DEL CUSCO
_cBIBLIOTECA MUNICIPAL DEL CUSCO
041 _hfr
082 _aPI / 803 /
_bL16
100 _aLaffon, Martine
_933532
245 _aPico en el Aire /
260 _aMéxico :
_bFondo de cultura económica,
_c2013.
300 _bIlustraciones,
_c21 cm.
440 _aLos primerísimos
_926874
500 _aNo cuenta con numeración de pagina
650 _aPrimera infancia
_924660
650 _aLiteratura infantil
_9588
650 _aGran árbol
_933533
700 _aBone, Betty
_933534
942 _2ddc
_cLIBROS
945 _adavv
_d24/04/2019